رواد الفلسفة الحديثة: (Record no. 6663)
[ view plain ]
| 000 -LEADER | |
|---|---|
| fixed length control field | 00920nac a22001931u 4500 |
| 008 - FIXED-LENGTH DATA ELEMENTS--GENERAL INFORMATION | |
| fixed length control field | 100719s1993 ua||||||r||| 000 0cra d |
| 020 ## - INTERNATIONAL STANDARD BOOK NUMBER | |
| International Standard Book Number | 9770134252 |
| 082 ## - DEWEY DECIMAL CLASSIFICATION NUMBER | |
| Classification number | 190.92 |
| Item number | ش ا خ |
| Edition number | 22 |
| 100 ## - MAIN ENTRY--PERSONAL NAME | |
| Personal name | شاخت، ريتشارد |
| 9 (RLIN) | 16396 |
| 245 ## - TITLE STATEMENT | |
| Title | رواد الفلسفة الحديثة: |
| Remainder of title | من ديكارت الى كانط / |
| Statement of responsibility, etc | ريتشارد شاخت ؛ ترجمة أحمد حمدي محمود |
| 260 ## - PUBLICATION, DISTRIBUTION, ETC. (IMPRINT) | |
| Place of publication, distribution, etc | القاهرة: |
| Name of publisher, distributor, etc | الهيئة المصرية العامة للكتاب ، 1993 |
| Date of publication, distribution, etc | 1993. |
| 300 ## - PHYSICAL DESCRIPTION | |
| Extent | 317ص ؛ |
| Dimensions | 24سم |
| 500 ## - GENERAL NOTE | |
| General note | هذه هى الترجمة العربية الكاملة لكتاب: Classical Modern Philosophers By: Richard Schacht |
| 511 ## - PARTICIPANT OR PERFORMER NOTE | |
| Participant or performer note | Catalogued by: Sara |
| 541 ## - IMMEDIATE SOURCE OF ACQUISITION NOTE | |
| Source of acquisition | مكتبة الأسكندرية ; |
| 650 ## - SUBJECT ADDED ENTRY--TOPICAL TERM | |
| Topical term or geographic name as entry element | الفلسفة الحديثة |
| 9 (RLIN) | 15182 |
| 700 ## - ADDED ENTRY--PERSONAL NAME | |
| Personal name | محمود، أحمد حمدي |
| 9 (RLIN) | 16402 |
| Relator term | ترجمة |
| 942 ## - ADDED ENTRY ELEMENTS (KOHA) | |
| Item type | Book - Borrowing |
| Call number prefix | 190.92 ش ا خ |
| Source of classification or shelving scheme | Dewey Decimal Classification |
| Withdrawn status | Item status | Source of classification or shelving scheme | Damaged status | Not for loan | Vendor | Home library | Current library | Shelving location | Date acquired | Source of acquisition | Total Checkouts | Full call number | Barcode | Date last seen | Koha item type |
|---|---|---|---|---|---|---|---|---|---|---|---|---|---|---|---|
| Dewey Decimal Classification | Alef-Baa | Central Library | Central Library | Lower Floor | 21/07/2010 | 190.92 ش ا خ | 000008133 | 15/07/2025 | Book - Borrowing | ||||||
| Dewey Decimal Classification | Alef-Baa | Central Library | Central Library | Lower Floor | 21/07/2010 | 190.92 ش ا خ | 000008134 | 15/07/2025 | Book - Borrowing | ||||||
| Dewey Decimal Classification | Alef-Baa | Central Library | Central Library | Lower Floor | 28/11/2007 | 190.92 ش ا خ | 000008451 | 15/07/2025 | Book - Borrowing |